|
|
|
|
| LEADER |
00000nam0a2200000 4500 |
| 001 |
683695 |
| 005 |
20251222122626.0 |
| 090 |
|
|
|a 683695
|
| 100 |
|
|
|a 20251210d1932 k||y0rusy50 ca
|
| 101 |
0 |
|
|a rus
|
| 102 |
|
|
|a RU
|
| 105 |
|
|
|a y z 001yy
|
| 181 |
|
0 |
|a i
|b e
|
| 182 |
|
0 |
|a n
|
| 183 |
|
0 |
|a nc
|2 RDAcarrier
|
| 200 |
1 |
|
|a Правила палеозоологической номенклатуры
|f под ред. Б. К. Лихарева
|
| 203 |
|
|
|a Текст
|b визуальный
|c непосредственный
|
| 210 |
|
|
|a Москва
|c Государственное научно-техническое геолого-разведочное изд-во
|d 1932
|
| 215 |
|
|
|a 34 с.
|
| 283 |
|
|
|a volume
|2 RDAcarrier
|
| 316 |
|
|
|5 63413507: 179788
|a На обложке владельческая подпись: «М. Усов»
|
| 317 |
|
|
|5 63413507: 179788
|a Поступил в НТБ в 1940 г. в составе книжного собрания академика М. А. Усова
|
| 320 |
|
|
|a Библиогр. в тексте
|
| 606 |
|
|
|a Палеозоология
|9 66868
|
| 610 |
1 |
|
|a зоологическая номенклатура
|
| 610 |
1 |
|
|a международные правила
|
| 610 |
1 |
|
|a номенклатурные типы
|
| 610 |
1 |
|
|a орфография
|
| 610 |
1 |
|
|a названия
|
| 610 |
1 |
|
|a владельческая подпись
|
| 610 |
1 |
|
|a владельческие знаки
|
| 610 |
1 |
|
|a Библиотека М. А. Усова
|
| 675 |
|
|
|a 562/569
|v 4
|
| 702 |
|
|
|4 340
|a Лихарев
|b Б. К.
|
| 801 |
|
0 |
|a RU
|b 63413507
|c 20251210
|
| 830 |
|
|
|a Ретро2025Каталогизация Кузнецова (РФ)
|
| 850 |
|
|
|a 63413507
|
| 942 |
|
|
|c BK
|